书目信息 |
| 题名: |
质量员
|
|
| 作者: | 马红兵 主编 | |
| 分册: | ||
| 出版信息: | 武汉 华中科技大学出版社 2008.07 |
|
| 页数: | 610页 | |
| 开本: | 26cm | |
| 丛书名: | 建筑工程管理人员职业技能全书 | |
| 单 册: | ||
| 中图分类: | TU712 | |
| 科图分类: | ||
| 主题词: | 建筑工程--jian zhu gong cheng--工程质量--质量控制--基本知识 | |
| 电子资源: | ||
| ISBN: | 978-7-5609-4738-9 | |
| 000 | 01031nam 2200277 450 | |
| 001 | 012009653734 | |
| 005 | 20090623090553.75 | |
| 010 | @a978-7-5609-4738-9@dCNY78.00 | |
| 100 | @a20090623d2008 em y0chiy0120 ea | |
| 101 | 0 | @achi |
| 102 | @aCN@b420000 | |
| 105 | @aak a 000yy | |
| 106 | @ar | |
| 200 | 1 | @a质量员@Azhi liang yuan@f本书编委会编@Fben shu bian wei hui bian |
| 210 | @a武汉@c华中科技大学出版社@d2008.07 | |
| 215 | @a610页@c图@d26cm | |
| 225 | 2 | @a建筑工程管理人员职业技能全书@Ajian zhu gong cheng guan li ren yuan zhi ye ji neng quan shu |
| 314 | @a书中题 : 主编马红兵 | |
| 320 | @a有书目 | |
| 330 | @a本书主要介绍了建筑施工过程中各个施工工序的质量控制要点和质量检查与验收的标准,并对施工质量员常用工作表格及填写范例进行了汇总,以便读者查阅。 | |
| 410 | 0 | @12001 @a建筑工程管理人员职业技能全书 |
| 606 | 0 | @a建筑工程@Ajian zhu gong cheng@x工程质量@x质量控制@x基本知识 |
| 690 | @aTU712@v4 | |
| 701 | 0 | @a马红兵@Ama hong bing@4主编 |
| 801 | 0 | @aCN@bQSSK@c20090623 |
| 905 | @b747338-39@dTU712@eM061@f2 | |
| 质量员/本书编委会编.-武汉:华中科技大学出版社,2008.07 |
| 610页:图;26cm.-(建筑工程管理人员职业技能全书) |
| ISBN 978-7-5609-4738-9:CNY78.00 |
| 本书主要介绍了建筑施工过程中各个施工工序的质量控制要点和质量检查与验收的标准,并对施工质量员常用工作表格及填写范例进行了汇总,以便读者查阅。 |
| ● |
| 相关链接 |
|
|
|
正题名:质量员
索取号:TU712/M061
 
预约/预借
| 序号 | 登录号 | 条形码 | 馆藏地/架位号 | 状态 | 备注 |
| 1 | 747338 | 207473385 | 建筑库201/201建筑库 20排2列3层/ [索取号:TU712/M061] | 在馆 | |
| 2 | 747339 | 207473394 | 建筑库201/201建筑库 20排2列3层/ [索取号:TU712/M061] | 在馆 |